An introduction to the theory of functions of a complex variable / (Record no. 543845)

000 -LEADER
fixed length control field 00510mam a22001451i 4500
082 ## - DEWEY DECIMAL CLASSIFICATION NUMBER
Classification number 515.9
Author Mark COP
-- L-2, P-53
100 1# - MAIN ENTRY--PERSONAL NAME
Personal name Copson, E. T.
9 (RLIN) 39342
245 13 - TITLE STATEMENT
Title An introduction to the theory of functions of a complex variable /
Statement of responsibility, etc. by E. T. Copson.
260 ## - PUBLICATION, DISTRIBUTION, ETC.
Place of publication, distribution, etc. Oxford :
Name of publisher, distributor, etc. University Press,
Date of publication, distribution, etc. [1950, c1935].
300 ## - PHYSICAL DESCRIPTION
Extent 448 p. :
Other physical details ill. ;
Dimensions 23 cm.
500 ## - GENERAL NOTE
General note "First edition 1935 reprinted photographically...(corrected)"
526 ## - STUDY PROGRAM INFORMATION NOTE
Program name 0
Interest level 0
Reading level 0
Title point value 515_900000000000000_COP
650 #0 - SUBJECT ADDED ENTRY--TOPICAL TERM
Topical term or geographic name entry element MCE
9 (RLIN) 379
942 ## - ADDED ENTRY ELEMENTS (KOHA)
Source of classification or shelving scheme
Koha item type Book
Holdings
Withdrawn status Lost status Source of classification or shelving scheme Damaged status Not for loan Permanent Location Current Location Date acquired Total Checkouts Full call number Barcode Date last seen Price effective from Koha item type
          Military College of Engineering (MCE) Military College of Engineering (MCE) 04/04/2014   515.9 COP MCE-29104 04/04/2014 04/04/2014 Book
© 2023 Central Library, National University of Sciences and Technology. All Rights Reserved.